Lenguaje y comunicación 8º año básico: texto para el estudiante
Պահպանված է:
| Հիմնական հեղինակներ: | , , |
|---|---|
| Ձևաչափ: | Գիրք |
| Լեզու: | իսպաներեն |
| Հրապարակվել է: |
Santiago
Mare Nostrum
2001
|
| Հրատարակություն: | 1a. ed |
| Խորագրեր: | |
| Ցուցիչներ: |
Ավելացրեք ցուցիչ
Չկան պիտակներ, Եղեք առաջինը, ով նշում է այս գրառումը!
|
MARC
| LEADER | 00000nam a2200000 a 4500 | ||
|---|---|---|---|
| 001 | UCH8361 | ||
| 003 | CL-VaPUC | ||
| 008 | 091127e20010000CL |||||||||||||||||spa|d | ||
| 020 | |a 8495509121 | ||
| 082 | 0 | 4 | |a 372.6 |b GUA |2 21 |
| 100 | |a Guajardo Cofré, Marcela |e author |9 547847 | ||
| 700 | |a Guajardo Cofré, Verónica |e author |9 547848 | ||
| 700 | 0 | |a Biedma Lagarrigue, Manuela |e author |9 544916 | |
| 245 | 1 | 0 | |a Lenguaje y comunicación 8º año básico: texto para el estudiante |
| 250 | |a 1a. ed | ||
| 300 | |a 184 p | ||
| 942 | |c BK | ||
| 945 | |d 20091127 00:00:00 |a lazolas | ||
| 260 | |a Santiago |b Mare Nostrum |c 2001 | ||
| 650 | 0 | |a Educación lingüística |9 306506 | |
| 650 | 0 | |a Educación básica |9 224933 | |
| 650 | 0 | |a Libros de texto |9 270019 | |
| 650 | 0 | |a Métodos de enseñanza |9 270413 | |
| 583 | |a last modification |c 20170816 01:20:53 |k Rodrigo Vera | ||
| 999 | |c 338581 |d 338579 | ||